00586nam a2200169 a 450000100060000000300090000600800410001504000280005608200160008410000280010011000420012824500840017026000700025430000100032465000450033465000370037912780CO-ViMGA141112s2004 ck r 000 u spa d aCO-ViMGAbspacCO-ViMGA04a327.86 D4191 aDiaz, Callejas Apolinar aDe la Academia Colombiana de Historia10aEl Lema respice polum y la subordinación en las relaciones con Estados Unidos aSantafé de Bogotá : bAcademia Colombiana de Historia, c1996 a128p.14aCOLOMBIA - RELACIONES CON ESTADOS UNIDOS14aCOLOMBIA - RELACIONES EXTERIORES